| Tag |
First Indicator |
Second Indicator |
Subfields |
| LEADER |
00000cam a2200000Mi 4500 |
| 001 |
in00005493421 |
| 006 |
m o d |
| 007 |
cr ||||||||||| |
| 008 |
201001s2020 enka fob 001 0 eng d |
| 005 |
20240923170217.5 |
| 035 |
|
|
|a (OCoLC)on1201326672
|
| 040 |
|
|
|a SGPBL
|b eng
|e rda
|e pn
|c SGPBL
|d OCLCF
|d OCLCO
|d OCLCL
|d OCLCQ
|
| 020 |
|
|
|a 9781529749205
|
| 020 |
|
|
|a 1529749204
|
| 020 |
|
|
|a 9781526421036
|
| 020 |
|
|
|a 1526421038
|
| 035 |
|
|
|a (OCoLC)1201326672
|
| 050 |
|
4 |
|a HB171
|
| 049 |
|
|
|a TXAM
|
| 100 |
1 |
|
|a Avram, Silvia,
|e author.
|
| 245 |
1 |
0 |
|a Event history and survival analysis /
|c by Silvia Avram ; edited by Paul Atkinson, Sara Delamont, Alexandru Cernat, Joseph W. Sakshaug & Richard A. Williams.
|
| 264 |
|
1 |
|a London :
|b SAGE Publications Ltd.,
|c 2020.
|
| 300 |
|
|
|a 1 online resource :
|b illustrations
|
| 336 |
|
|
|a text
|b txt
|2 rdacontent
|
| 337 |
|
|
|a computer
|b c
|2 rdamedia
|
| 338 |
|
|
|a online resource
|b cr
|2 rdacarrier
|
| 504 |
|
|
|a Includes bibliographical references and index.
|
| 520 |
8 |
|
|a This entry introduces event history and survival analysis, a set of methods adapted for data relating to the timing and occurrence of events. It starts with a review of the particularities of this type of data and the main concepts used to describe and model it. It then introduces two mathematical concepts that are the building blocks of survival analysis: the hazard rate and survivor functions. Next, it shows how these two concepts can be used to model time-to-event data. It reviews both discrete and continuous time models. Within continuous time models, three subclasses are discussed: proportional hazard models, accelerated failure time models, and the semiparametric Cox model. Finally, more complex topics such as unobserved heterogeneity, competing risks, and repeated events are briefly introduced.
|
| 588 |
|
|
|a Description based on XML content.
|
| 650 |
|
0 |
|a Economics.
|
| 650 |
|
0 |
|a Sociology.
|
| 650 |
|
0 |
|a Psychology.
|
| 650 |
|
6 |
|a Économie politique.
|
| 650 |
|
6 |
|a Sociologie.
|
| 650 |
|
7 |
|a economics.
|2 aat
|
| 650 |
|
7 |
|a sociology.
|2 aat
|
| 650 |
|
7 |
|a Economics
|2 fast
|
| 650 |
|
7 |
|a Psychology
|2 fast
|
| 650 |
|
7 |
|a Sociology
|2 fast
|
| 700 |
1 |
|
|a Atkinson, Paul,
|d 1947-
|e editor.
|
| 700 |
1 |
|
|a Delamont, Sara,
|d 1947-
|e editor.
|
| 700 |
1 |
|
|a Cernat, Alexandru,
|e editor.
|
| 700 |
1 |
|
|a Sakshaug, Joseph W.,
|e editor.
|
| 700 |
1 |
|
|a Williams, Richard A.,
|d active 2020,
|e editor.
|
| 856 |
4 |
0 |
|u http://proxy.library.tamu.edu/login?url=https://methods.sagepub.com/foundations/event-history-and-survival-analysis
|z Connect to the full text of this electronic book
|t 0
|
| 955 |
|
|
|a SAGE eBooks
|
| 955 |
|
|
|a SAGE Research Methods Foundations
|
| 994 |
|
|
|a 92
|b TXA
|
| 999 |
f |
f |
|s d3ec1fba-499f-4d6a-bc28-17d7dc85ed3b
|i 11466a88-59dc-4318-8d91-e78e52a1191c
|t 0
|
| 952 |
f |
f |
|a Texas A&M University
|b College Station
|c Electronic Resources
|d Available Online
|t 0
|e HB171
|h Library of Congress classification
|
| 998 |
f |
f |
|a HB171
|t 0
|l Available Online
|